Hiperinflacja i stabilizacja w gospodarce postsocjalistycznej

Guardado en:
Detalles Bibliográficos
Autor principal: Kolodko, Grzegorz W.
Otros Autores: Gotz-Kozierkiewicz, D., Skrzeszewska-Paczek, Elzbieta
Formato: Libro
Lenguaje:polaco
Publicado: Warsaw Instytut Finansów 1991
Materias:
Etiquetas: Agregar Etiqueta
Sin Etiquetas, Sea el primero en etiquetar este registro!

MARC

LEADER 00000nam a2200000 4500
001 0118109
005 20240404084618.9
020 |a 83-208-0851-0 
041 0 |a pol 
044 |a PL 
245 1 0 |a Hiperinflacja i stabilizacja w gospodarce postsocjalistycznej  |c Grzegorz W. Kolodko, Danuta Gotz-Kozierkiewicz, Elzbieta Skrzeszewska-Paczek 
264 1 |a Warsaw  |b Instytut Finansów  |c 1991 
300 |a 182 s. 
610 2 0 |a inflácia 
610 2 0 |a stabilizácia hospodárstva 
610 2 0 |a hospodárstvo národné 
610 2 0 |a transformácia 
610 2 0 |a obdobie prechodné 
610 2 0 |a Juhoslávia 
610 2 0 |a Poľsko 
610 2 0 |a Vietnam 
610 2 0 |a Izrael 
100 1 |a Kolodko, Grzegorz W. 
700 1 |a Gotz-Kozierkiewicz, D. 
700 1 |a Skrzeszewska-Paczek, Elzbieta